000 00620nam a22002057a 4500
005 20251108164014.0
008 250721s2001 xx 000 0 ara d
082 1 4 _a547.3/شاع
100 1 _aالشاعر، عبد المجيد
245 1 0 _aالوجيز في الكيمياء الحيوية /
250 _aط2 . , مزيدة و منقحة
264 1 _aعمان :
_bدار حنين،
_c2001.
300 _a175ص
650 1 7 _aالكيمياء
650 1 7 _aالكيمياء الحيوية
650 1 7 _aالكيمياء العضوية
700 1 _aحمزة، ماهرة
942 _2ddc
_cBK
999 _c1221
_d1221